<?xml version="1.0" encoding="UTF-8"?>
<record
    xmlns:xsi="http://www.w3.org/2001/XMLSchema-instance"
    xsi:schemaLocation="http://www.loc.gov/MARC21/slim http://www.loc.gov/standards/marcxml/schema/MARC21slim.xsd"
    xmlns="http://www.loc.gov/MARC21/slim">

  <leader>00952nam a22002657a 4500</leader>
  <controlfield tag="005">20170123162343.0</controlfield>
  <datafield tag="010" ind1=" " ind2=" ">
    <subfield code="a">A-773170</subfield>
  </datafield>
  <datafield tag="020" ind1=" " ind2=" ">
    <subfield code="c">31.00</subfield>
    <subfield code="a">8123712464</subfield>
  </datafield>
  <datafield tag="035" ind1=" " ind2=" ">
    <subfield code="a">A-773170</subfield>
  </datafield>
  <datafield tag="037" ind1=" " ind2=" ">
    <subfield code="b">Cen Lib/Ret</subfield>
  </datafield>
  <datafield tag="040" ind1=" " ind2=" ">
    <subfield code="a">DPL</subfield>
    <subfield code="b">UR</subfield>
  </datafield>
  <datafield tag="082" ind1=" " ind2=" ">
    <subfield code="a">301.0954</subfield>
    <subfield code="b">&#x62F; &#x648; &#x628; </subfield>
  </datafield>
  <datafield tag="100" ind1=" " ind2=" ">
    <subfield code="a">&#x62F;&#x648;&#x628;&#x6D2;&#x60C; &#x634;&#x6CC;&#x627;&#x645;&#x627; &#x686;&#x631;&#x627;&#x646; </subfield>
    <subfield code="9">129629</subfield>
  </datafield>
  <datafield tag="245" ind1=" " ind2=" ">
    <subfield code="a">&#x6C1;&#x646;&#x62F;&#x648;&#x633;&#x62A;&#x627;&#x646;&#x6CC; &#x633;&#x645;&#x627;&#x62C; /</subfield>
    <subfield code="b">&#x634;&#x6CC;&#x627;&#x645;&#x627; &#x686;&#x631;&#x627;&#x646; &#x62F;&#x648;&#x628;&#x6D2; &#x61B; &#x645;&#x631;&#x62A;&#x62C;&#x645; &#x639;&#x632;&#x6CC;&#x632; &#x67E;&#x631;&#x6C1;&#x627;&#x631;&#x6CC; </subfield>
  </datafield>
  <datafield tag="246" ind1=" " ind2=" ">
    <subfield code="a">Hindustani samaj /</subfield>
    <subfield code="b">by Shyama Charan Dubey </subfield>
  </datafield>
  <datafield tag="260" ind1=" " ind2=" ">
    <subfield code="a">&#x646;&#x6CC;&#x6CC; &#x62F;&#x6C1;&#x644;&#x6CC; </subfield>
    <subfield code="b">&#x646;&#x6CC;&#x634;&#x646;&#x644; &#x628;&#x6A9; &#x679;&#x631;&#x633;&#x679;&#x60C; &#x627;&#x646;&#x688;&#x6CC;&#x627; </subfield>
    <subfield code="c">1995</subfield>
  </datafield>
  <datafield tag="270" ind1=" " ind2=" ">
    <subfield code="b">&#x646;&#x6CC;&#x6CC; &#x62F;&#x6C1;&#x644;&#x6CC; </subfield>
    <subfield code="a">A-5 &#x6AF;&#x631;&#x6CC;&#x646; &#x67E;&#x627;&#x631;&#x6A9; </subfield>
    <subfield code="e">110005</subfield>
  </datafield>
  <datafield tag="300" ind1=" " ind2=" ">
    <subfield code="a">167p.</subfield>
    <subfield code="c">21cm(Hb)</subfield>
  </datafield>
  <datafield tag="650" ind1=" " ind2=" ">
    <subfield code="a"> &#x62A;&#x627;&#x631;&#x6CC;&#x62E; - &#x628;&#x6BE;&#x627;&#x631;&#x62A;</subfield>
    <subfield code="9">400</subfield>
  </datafield>
  <datafield tag="650" ind1=" " ind2=" ">
    <subfield code="a"> &#x6C1;&#x646;&#x62F;&#x648;&#x633;&#x62A;&#x627;&#x646;&#x6CC; &#x633;&#x645;&#x627;&#x62C;</subfield>
    <subfield code="9">108678</subfield>
  </datafield>
  <datafield tag="650" ind1=" " ind2=" ">
    <subfield code="a">History -- India</subfield>
    <subfield code="9">129630</subfield>
  </datafield>
  <datafield tag="650" ind1=" " ind2=" ">
    <subfield code="a">Indian society</subfield>
    <subfield code="9">5748</subfield>
  </datafield>
  <datafield tag="700" ind1=" " ind2=" ">
    <subfield code="a">&#x67E;&#x631;&#x6BE;&#x627;&#x631;&#x6CC;&#x60C; &#x639;&#x632;&#x6CC;&#x632; </subfield>
    <subfield code="9">399</subfield>
  </datafield>
  <datafield tag="942" ind1=" " ind2=" ">
    <subfield code="2">ddc</subfield>
    <subfield code="c">UR</subfield>
    <subfield code="h">301.0954</subfield>
    <subfield code="m">&#x62F; &#x648; &#x628; </subfield>
  </datafield>
  <datafield tag="999" ind1=" " ind2=" ">
    <subfield code="c">108697</subfield>
    <subfield code="d">108697</subfield>
  </datafield>
  <datafield tag="952" ind1=" " ind2=" ">
    <subfield code="0">0</subfield>
    <subfield code="1">0</subfield>
    <subfield code="4">0</subfield>
    <subfield code="7">0</subfield>
    <subfield code="a">L</subfield>
    <subfield code="b">L</subfield>
    <subfield code="d">2016-02-02</subfield>
    <subfield code="e">Cen Lib/Ret</subfield>
    <subfield code="g">31.00</subfield>
    <subfield code="l">0</subfield>
    <subfield code="o">301.0954 &#x62F; &#x648; &#x628;</subfield>
    <subfield code="p">A-773170</subfield>
    <subfield code="r">2016-02-02 00:00:00</subfield>
    <subfield code="t">1</subfield>
    <subfield code="v">31.00</subfield>
    <subfield code="w">2016-02-02</subfield>
    <subfield code="y">UR</subfield>
  </datafield>
</record>
